00353nam a2200121Ia 4500008004100000041000800041082001200049100002000061245007100081260003900152300002300191999001700214241015s9999 xx 000 0 und d aeng a382 THO aLund-Thomsen P. aRethinking Global Value Chains And Corporate Social Responsibility bEdward ElgaraUnited Kingdomc2022 a123 123;. p. 22 cm c41732d41732